000 00339 a2200157 4500
001 63996
020 _a978857873095
040 _cAnchieta - Pituba
100 _aSavian Filho, Juvenal
240 1 0 _aArgumentação
_lpor
245 1 0 _aArgumentação
300 _a74
362 0 _a2015
650 4 _aArgumento e persuasão
942 _cBK
999 _c63996
_d63996